Heligonka moje láska. 3

Korporativní autor: Mokeráci (hudební skupina)
Další autoři: Bláha, Václav, 1901-1959, Džbánek, Jan, Albrecht, Franta, Kubeš, Ladislav, 1924-1998, Vostrovský, Jiří, Staropražští heligonkáři (hudební skupina), Voraři (hudební skupina)
Jazyk: Čeština
Vydáno: Křenovice: Aplaus, p[2005?]
Edice: Česká muzika
Témata:
Fyzický popis: 1 zvuková kazeta (50:58) : analog, Dolby system + 1 leták (10 x 12 cm)
Vydáno také na kompaktní desce
Zvukové nahrávky
Uloženo v:
LEADER 02256njm a2200529 a 4500
001 000816966
003 CZ BrMZK
005 20100927111748.0
007 ss lsnjlcmpnze
008 060518q2005 xr mu g cze d
028 0 0 |a AA 4046A/3-4 331  |b Aplaus 
040 |a BOA001  |b cze 
047 |a sg  |a wz  |a df 
048 |a od  |b kz 
072 7 |a 784  |x Vokální hudba  |2 Konspekt  |9 9 
080 |a 784.4.088  |2 MRF 
080 |a 78.085.2  |2 MRF 
080 |a 78.085  |2 MRF 
080 |a (086.7)  |2 MRF 
245 0 0 |a Heligonka moje láska.  |n 3  |h [zvukový záznam] 
260 |a Křenovice:  |b Aplaus,  |c p[2005?] 
300 |a 1 zvuková kazeta (50:58) :  |b analog, Dolby system +  |e 1 leták (10 x 12 cm) 
306 |a 005058 
490 1 |a Česká muzika 
500 |a Kompilace 
500 |a Původní fonogramy Erkofon, Aplaus 
505 0 0 |t Já zasadil rozmarýnu --  |t Děvče jako růže --  |t Darovalo mi děvčátko --  |t Polka pro Marcelku --  |t Jiřiny --  |t Montgomery --  |t U mlýna pod strání --  |t Na první mé spatření --  |t Šoférská --  |t Stará lípa --  |t Já jsem chasník svobodný --  |t Zafoukej větříčku --  |t Balada o navrácené duši --  |t Mlaďounké děvčátko --  |t Vdával otec, vdával dceru --  |t Borkovická polka 
511 1 |a Mokeráci ; Staropražští heligonkáři ; Voraři ... [et al.] 
530 |a Vydáno také na kompaktní desce 
650 0 7 |a valčíky  |7 ph224487  |2 czenas 
650 0 7 |a polky  |7 ph224419  |2 czenas 
650 0 7 |a taneční hudba  |7 ph126436  |2 czenas 
650 0 7 |a písně  |7 ph115979  |2 czenas 
655 7 |a zvukové kazety  |7 fd186720  |2 czenas 
700 1 |a Bláha, Václav,  |d 1901-1959  |7 jo20010086360  |4 cmp  |4 lyr 
700 1 |a Džbánek, Jan  |4 cmp  |4 lyr 
700 1 |a Albrecht, Franta  |7 jx20060127010  |4 cmp 
700 1 |a Kubeš, Ladislav,  |d 1924-1998  |7 jo2003183953  |4 cmp 
700 1 |a Vostrovský, Jiří  |7 mzk2010599564  |4 lyr 
710 2 |a Mokeráci (hudební skupina)  |7 mzk2010576628 
710 2 |a Staropražští heligonkáři (hudební skupina)  |7 mzk2008451443 
710 2 |a Voraři (hudební skupina)  |7 ko2003181638 
830 0 |a Česká muzika 
910 |a BOA001  |b KZ-0013.124,3 
990 |a AV 
991 |b 200606 
996 6 |b 261H014461  |c KZ-0013.124,3  |l MZK  |r Sklad / do 24 hodin  |n 0  |w 000816966  |u 000010  |a 1  |e BOA001  |j MZK50  |s P